Modern Hindu Law ( Codified and Uncodified) (Record no. 6420)

MARC details
000 -LEADER
fixed length control field 00461nam a22001817a 4500
005 - DATE AND TIME OF LATEST TRANSACTION
control field 20210904111343.0
008 - FIXED-LENGTH DATA ELEMENTS--GENERAL INFORMATION
fixed length control field 200522b xxu||||| |||| 00| 0 eng d
020 ## - INTERNATIONAL STANDARD BOOK NUMBER
ISBN 9789380231150
041 ## - LANGUAGE CODE
Language code of text/sound track or separate title eng
082 ## - DEWEY DECIMAL CLASSIFICATION NUMBER
Classification number 340.52 DIW
100 ## - MAIN ENTRY--AUTHOR NAME
Personal name Diwan, Dr. Paras
245 ## - TITLE STATEMENT
Title Modern Hindu Law ( Codified and Uncodified)
250 ## - EDITION STATEMENT
Edition statement 24'th ed.
260 ## - PUBLICATION, DISTRIBUTION, ETC. (IMPRINT)
Place of publication Faridbad
Name of publisher Allahabad Law Agency
Year of publication 2019
300 ## - PHYSICAL DESCRIPTION
Number of Pages 629,xviii
650 ## - SUBJECT ADDED ENTRY--TOPICAL TERM
Topical Term LAW
942 ## - ADDED ENTRY ELEMENTS (KOHA)
Koha item type Books
Holdings
Lost status Damaged status Home library Current library Shelving location Date acquired Source of acquisition Cost, normal purchase price Full call number Accession Number Koha item type Collection code
    JRU Library JRU Library SHELF-30-C 03/06/2020 PURCHASE 650.00 340.52 DIW 24339 Books  
    JRU Library JRU Library SHELF-30-C 03/06/2020 PURCHASE 650.00 340.52 DIW 24340 Books  
    JRU Library JRU Library SHELF-30-C 03/06/2020 PURCHASE 650.00 340.52 DIW 24341 Books  
    JRU Library JRU Library Shelf - 13- A 03/06/2020 PURCHASE 650.00 340.52 DIW 24342 Books Reference
    JRU Library   SHELF-30-C 03/06/2020 PURCHASE 650.00 340.52 DIW 24343 Books